01083 2200313 4500001002100000005001500021035002000036007000300056008004100059020002200100082001500122084001700137100003300154245019300187250003200380300005300412700003400465651002100499264004200520336002100562337003000583338002300613040002200636090002200658850001200680504003300692999002200725990002200747INLIS00000000088516320240321093349 a0010-0324000593ta240321s2024 yoia g ind d a978-623-164-601-904223a940.21 a940.21 ADI s0 aAdityas ArifiantoePengarang10aSejarah Eropa zaman renaisans :bkebangkitan negara-negara di Eropa, peralihan ke logika ilmiah, humanisme, dan konstitusi negara modern /cAdityas Arifianto; penyunting, Astria Sekar Arum aCetakan pertama, Maret 2024 axviii, 286 halaman :bilustrasi, gambar ;c20 cm0 aAstria Sekar ArumePenyunting 4aEropa--xSejarah31aBantul :bAnak Hebat Indonesia,c2024 2rdacontentateks 2rdamediaatanpa perantara 2rdacarrieravolume aYOPDYOGbinderda aCB-D.11 2024-0166 aYOPDYOG aBibliografi: halaman 266-280 aCB-D.11/2024-0166 aCB-D.11/2024-0166